| 000 | 00664nam a2200205Ia 4500 | ||
|---|---|---|---|
| 001 | 9376 | ||
| 003 | GE_BSU | ||
| 008 | 181216s||||||||xx |||||||||||||| ||und|| | ||
| 040 | _cGE_BSU | ||
| 080 | _a821.353.1+821.353.1-11 | ||
| 100 | _aმამფორია,ოთარ | ||
| 245 | _aლექსები,პოემა | ||
| 245 | _cრედ.ირაკლი აბაშიძე,მხატვ.ირ ჯანაშვილი | ||
| 260 | _aთბილისი | ||
| 260 | _bსაბჭ.მწერალი | ||
| 260 | _c1956 | ||
| 300 | _a140გვ.21სმ. | ||
| 653 | _aლექსები და პოემები | ||
| 942 | _cBK | ||
| 999 |
_c42672 _d42672 |
||